[Event "Nacional de Máxima"]
[Site "Barquisimeto"]
[Date "2011.10.22"]
[Round "1"]
[White "Gascón, José"]
[Black "Díaz, José"]
[Result "1-0"]
[WhiteElo "2163"]
[BlackElo "2109"]
[Annotator "OT y DG"]
[PlyCount "151"]
[EventDate "2011.??.??"]
[EventCountry "VEN"]

1. e4 e5 2. Nf3 Nc6 3. d4 exd4 4. Nxd4 Bc5 5. Nxc6 Qf6 6. Qd2 dxc6 7. Nc3 Be6
8. Na4 Rd8 9. Bd3 Bd4 10. O-O h6 11. c3 b5 12. Qc2 Be5 13. f4 Bd4+ 14. Kh1 bxa4
15. cxd4 Qxd4 16. Be2 Nf6 17. f5 Bd7 18. Bf4 Nxe4 19. Bf3 Nd6 20. Be5 Qxe5 21.
Rae1 Qxe1 22. Rxe1+ Kf8 23. Bxc6 Bxf5 24. Qxa4 Kg8 25. Qxa7 Rc8 26. Re7 Kh7 27.
Rxc7 Rb8 28. b3 Rhd8 29. h3 Be6 30. Qc5 Kh8 31. Kh2 Kg8 32. a4 Rxb3 33. a5 Nc4
34. a6 Ne3 35. a7 Bxh3 36. a8=Q Ng4+ 37. Kh1 Rxa8 38. Bxa8 Rb1+ 39. Qg1 Nf2+
40. Kh2 Ng4+ 41. Kxh3 Rxg1 42. Kxg4 Rd1 43. Kf5 Rd6 44. Ke5 Re6+ 45. Kd4 Rf6
46. Bd5 g6 47. Rc6 Rf4+ 48. Ke3 Rf5 49. Rxg6+ Kf8 50. Rd6 Kg7 51. Be4 Re5 52.
Kf4 Rc5 53. Rd7 Rc4 54. Ke5 Rc1 55. Rd3 Ra1 56. Rg3+ Kf8 57. Bd5 Ra7 58. Rb3
Ra1 59. Kf6 Ra6+ 60. Kf5 Ra5 61. Ke5 Ra1 62. Rc3 Kg7 63. Rf3 Ra7 64. Kf5 Ra5
65. Rd3 Ra6 66. Kg4 Rg6+ 67. Kh4 Rd6 68. Bc4 Rc6 69. Rd4 Rf6 70. g3 Rc6 71. Rf4
Rc7 72. Rg4+ Kf6 73. Kh5 Ke5 74. Kxh6 Ra7 75. Rg7 Rc7 76. Bxf7 1-0

[Event "Nacional de Máxima"]
[Site "Barquisimeto"]
[Date "2011.10.22"]
[Round "1"]
[White "Soto, Oliver"]
[Black "Martínez, Pedro"]
[Result "1/2-1/2"]
[WhiteElo "2357"]
[BlackElo "2236"]
[Annotator "OT y DG"]
[PlyCount "128"]
[EventDate "2011.??.??"]
[EventCountry "VEN"]

1. e4 c5 2. Nf3 Nc6 3. d4 cxd4 4. Nxd4 g6 5. Nc3 Bg7 6. Be3 Nf6 7. Bc4 O-O 8.
O-O d6 9. h3 Nxe4 10. Nxe4 d5 11. Nxc6 bxc6 12. Bd3 dxe4 13. Bxe4 Qc7 14. c3 f5
15. Bd3 Rb8 16. Qe2 c5 17. Bc4+ Kh8 18. Bg5 e5 19. Rab1 Bb7 20. Qd2 Qc6 21. f3
Ba6 22. Bxa6 Qxa6 23. b3 c4 24. b4 Rfe8 25. Rfe1 Rbc8 26. a4 Qxa4 27. Ra1 Qc6
28. Rxa7 Ra8 29. Rea1 Rxa7 30. Rxa7 e4 31. Be3 Kg8 32. Bd4 Bf8 33. fxe4 Qxe4
34. Bf6 f4 35. Rd7 Re6 36. Bh4 f3 37. Bf2 fxg2 38. Qd5 Bg7 39. Qxe4 Rxe4 40. b5
Bxc3 41. b6 Be5 42. b7 c3 43. Rd8+ Kf7 44. b8=Q Bxb8 45. Rxb8 Rc4 46. Rb1 c2
47. Rc1 g5 48. Kxg2 Kg6 49. Kf3 h5 50. Be3 g4+ 51. hxg4 hxg4+ 52. Ke2 Kf5 53.
Kd3 Rc8 54. Rf1+ Ke5 55. Bd4+ Kd5 56. Bb2 g3 57. Bc3 g2 58. Rg1 Rg8 59. Kxc2
Ke4 60. Kd2 Kf3 61. Bd4 Rd8 62. Kd3 Rxd4+ 63. Kxd4 Kf2 64. Rxg2+ Kxg2 1/2-1/2

[Event "Nacional de Máxima"]
[Site "Barquisimeto"]
[Date "2011.10.22"]
[Round "1"]
[White "Ubaldo, María, G."]
[Black "Gutiérrez, Leonela"]
[Result "1-0"]
[WhiteElo "2072"]
[BlackElo "2045"]
[Annotator "OT y DG"]
[PlyCount "117"]
[EventDate "2011.??.??"]
[EventCountry "VEN"]

1. d4 Nf6 2. c4 g6 3. Nc3 Bg7 4. e4 d6 5. Nf3 O-O 6. Be2 e5 7. O-O Nc6 8. d5
Ne7 9. Ne1 Ne8 10. Nd3 f5 11. Bd2 Nf6 12. f3 f4 13. c5 Rf7 14. cxd6 cxd6 15.
Nf2 Bf8 16. Qc2 g5 17. Rfc1 Ng6 18. Nb5 Bd7 19. Qc7 Qxc7 20. Nxc7 Rc8 21. Rc3
Be7 22. Rac1 Bd8 23. Nb5 Rxc3 24. Bxc3 Bxb5 25. Bxb5 a6 26. Bd3 Bb6 27. Kf1 Nd7
28. b4 Kg7 29. a4 Be3 30. Rc2 h5 31. Be1 Nf6 32. Nd1 Bd4 33. Bf2 Bxf2 34. Kxf2
g4 35. Nb2 h4 36. Nc4 g3+ 37. Kg1 Ne8 38. Na5 Nf8 39. h3 b6 40. Nc6 a5 41. bxa5
bxa5 42. Rb2 Kf6 43. Rb5 Nd7 44. Rxa5 Nc5 45. Bc4 Rb7 46. Rb5 Nc7 47. Rxb7 Nxb7
48. a5 Nc5 49. Kf1 Kf7 50. Nb4 Ke7 51. a6 Kd8 52. a7 Kc8 53. Na6 Na8 54. Nxc5
dxc5 55. d6 Nb6 56. Bd5 Kd7 57. a8=Q Nxa8 58. Bxa8 Kxd6 59. Ke2 1-0

[Event "Nacional de Máxima"]
[Site "Barquisimeto"]
[Date "2011.10.22"]
[Round "1"]
[White "Osorio P., Intiñusta"]
[Black "Otazo, Annyd"]
[Result "1/2-1/2"]
[WhiteElo "1861"]
[BlackElo "1953"]
[Annotator "OT y DG"]
[PlyCount "113"]
[EventDate "2011.??.??"]
[EventCountry "VEN"]

1. e4 e5 2. d4 exd4 3. Nf3 Nc6 4. Nxd4 Nf6 5. Nxc6 bxc6 6. Nc3 Bb4 7. Bg5 h6 8.
Bxf6 Qxf6 9. Qd2 Bxc3 10. Qxc3 Qxc3+ 11. bxc3 O-O 12. Bd3 Rb8 13. Kd2 d6 14.
Rab1 Be6 15. a3 Rb6 16. c4 Rfb8 17. Rxb6 Rxb6 18. Ra1 c5 19. Kc1 Kf8 20. Rb1
Ke7 21. Rb5 c6 22. Rxb6 axb6 23. a4 Kd7 24. Kb2 Kc7 25. c3 Kb7 26. Ka3 Ka6 27.
f4 Bg4 28. h3 Bd1 29. e5 dxe5 30. fxe5 Kb7 31. Bf5 Kc7 32. e6 fxe6 33. Bxe6 Be2
34. g3 Bd3 35. h4 Kd6 36. Bf7 Ke7 37. Bh5 Bxc4 38. a5 bxa5 39. Ka4 Bd5 40. Kxa5
Kf6 41. Kb6 c4 42. Kc5 Kf5 43. Kd4 g5 44. hxg5 Kxg5 45. Be2 Kf5 46. Bh5 Kg5 47.
Be2 Bf7 48. Bf3 Kf5 49. Kc5 Kg5 50. Kxc6 h5 51. Kc5 Be6 52. Kd4 Bg4 53. Bd5 Be2
54. Be6 Bd3 55. Ke5 Bf1 56. Bd7 Bd3 57. Be6 1/2-1/2

[Event "Nacional de Máxima"]
[Site "Barquisimeto"]
[Date "2011.10.22"]
[Round "1"]
[White "Montilla, Jorcerys"]
[Black "Rovira, Tairú"]
[Result "1-0"]
[WhiteElo "2008"]
[BlackElo "1972"]
[Annotator "OT y DG"]
[PlyCount "173"]
[EventDate "2011.??.??"]
[EventCountry "VEN"]

1. d4 Nf6 2. c4 c5 3. d5 b5 4. cxb5 a6 5. Nc3 axb5 6. Nxb5 Ba6 7. Nc3 g6 8. e4
Bxf1 9. Kxf1 d6 10. Nge2 Bg7 11. g3 O-O 12. Kg2 Nbd7 13. Qc2 Qb6 14. Rf1 Rfb8
15. Rb1 Qa6 16. Nf4 Ng4 17. h3 Nge5 18. Qe2 Nc4 19. Ra1 Ndb6 20. Qd3 Bd4 21.
Qc2 Na4 22. Nd3 Na3 23. Qd2 Qc4 24. Nxa4 Qxa4 25. b3 Qa5 26. Qxa5 Rxa5 27. Bb2
Nb5 28. Rfc1 Rba8 29. a4 Bxb2 30. Nxb2 Nd4 31. Rc3 Rb8 32. Nc4 Ra7 33. Nd2 Kf8
34. f4 Ke8 35. Re1 Rab7 36. Ree3 f6 37. Kf1 e5 38. dxe6 Nxe6 39. Nc4 Ke7 40.
Rcd3 Nd4 41. Nd2 Ke6 42. e5 fxe5 43. fxe5 d5 44. g4 Rf8+ 45. Kg2 Rbf7 46. Kg3
h6 47. Rc3 Rf2 48. Rcd3 R2f7 49. Kh4 Nc2 50. Re2 Rf4 51. Kg3 Nd4 52. Ree3 g5
53. Rc3 Rc8 54. Rc1 Rf7 55. Kg2 Rcf8 56. Rf1 Rxf1 57. Nxf1 Kd7 58. Rc3 Rc8 59.
Ne3 Ke6 60. Nf1 Kxe5 61. Ng3 Kd6 62. b4 Rc7 63. bxc5+ Rxc5 64. Rd3 Rc2+ 65. Kf1
Ke5 66. Ra3 Ne6 67. Nf5 d4 68. a5 Ke4 69. Ng3+ Ke5 70. a6 Rc8 71. a7 Ra8 72.
Ra5+ Kf4 73. Kf2 Ng7 74. Ra4 Ke5 75. Ne2 Ne6 76. Ra5+ Ke4 77. Ng3+ Kd3 78. Nf5
Kd2 79. Nd6 Nc7 80. Nc4+ Kc3 81. Nb6 Rf8+ 82. Rf5 Rxf5+ 83. gxf5 d3 84. Nd5+
Kc2 85. Nxc7 d2 86. a8=Q d1=Q 87. Qa4+ 1-0

[Event "Nacional de Máxima"]
[Site "Barquisimeto"]
[Date "2011.10.22"]
[Round "1"]
[White "Varela, Tilsia"]
[Black "Sequeda, Nancy"]
[Result "1-0"]
[WhiteElo "1993"]
[BlackElo "2067"]
[Annotator "OT y DG"]
[PlyCount "80"]
[EventDate "2011.??.??"]
[EventCountry "VEN"]

1. e4 c5 2. Nf3 d6 3. c3 Nf6 4. Be2 Bg4 5. O-O e6 6. d4 Nxe4 7. Qa4+ Nd7 8.
dxc5 Bxf3 9. Bxf3 Nexc5 10. Qc2 Ne5 11. Be2 Be7 12. f4 Ng6 13. f5 exf5 14. Bb5+
Nd7 15. Qxf5 Nge5 16. Be3 O-O 17. Nd2 Nf6 18. Rad1 Nfg4 19. Bd4 Bg5 20. Kh1 g6
21. Qc2 Be3 22. Bxe5 dxe5 23. Nc4 Qg5 24. Bd7 Bc5 25. Bxg4 Qxg4 26. Nxe5 Qh5
27. Nd7 Kh8 28. Nxf8 Rxf8 29. Qe4 Bb6 30. Qd5 f5 31. Qe5+ Kg8 32. Rd7 Qh6 33.
Rfd1 f4 34. Qe6+ Kh8 35. Rf7 f3 36. Qf6+ Kg8 37. Rxf8+ Qxf8 38. Qxf8+ Kxf8 39.
gxf3 Ke7 40. f4 Kf6 1-0

[Event "Nacional de Máxima"]
[Site "Barquisimeto"]
[Date "2011.10.22"]
[Round "1"]
[White "Castellanos, Arianny"]
[Black "Aponte, Oriana"]
[Result "0-1"]
[WhiteElo "1802"]
[BlackElo "1885"]
[Annotator "OT y DG"]
[PlyCount "62"]
[EventDate "2011.??.??"]
[EventCountry "VEN"]

1. e4 c5 2. c3 d5 3. exd5 Qxd5 4. d4 g6 5. Be3 Bg7 6. Nf3 Nf6 7. Be2 cxd4 8.
Qxd4 Qxd4 9. Nxd4 Nd5 10. Bg5 e5 11. Nb5 O-O 12. Nd6 Nc6 13. O-O Nd8 14. Bc4
Nf6 15. Re1 Ne6 16. Nxc8 Nxg5 17. Nd6 Rab8 18. Na3 Nd7 19. h4 Ne6 20. Bd5 b6
21. Nab5 a6 22. Bxe6 fxe6 23. Nc7 Nc5 24. b4 Nd3 25. Re2 Nf4 26. Rd2 Bh6 27.
Rc2 Rbd8 28. Nc4 Rc8 29. Nxb6 Rxc7 30. a4 Nd3 31. Rb1 Nxf2 0-1

[Event "Nacional de Máxima"]
[Site "Barquisimeto"]
[Date "2011.11.22"]
[Round "1"]
[White "Hernández, Zaida"]
[Black "Durán, Luisa"]
[Result "1-0"]
[WhiteElo "2008"]
[BlackElo "2025"]
[Annotator "OT y DG"]
[PlyCount "93"]
[EventDate "2011.??.??"]
[EventCountry "VEN"]

1. e4 c5 2. Nf3 d6 3. d4 cxd4 4. Qxd4 a6 5. Be3 Nc6 6. Qd2 Nf6 7. Nc3 Ng4 8.
Bf4 Qb6 9. Bc4 Nce5 10. Bxe5 Nxe5 11. Nxe5 dxe5 12. O-O-O e6 13. Bb3 Bb4 14.
Ba4+ Bd7 15. Qxd7+ Kf8 16. Bb3 Be7 17. Qd2 h6 18. Kb1 g6 19. f4 Rd8 20. Qc1 Kg7
21. Rxd8 Rxd8 22. fxe5 Bg5 23. Qf1 Qd4 24. h4 Be7 25. Qf4 g5 26. Qg3 Rd7 27.
Rf1 b5 28. a3 Qc5 29. Ne2 Bd8 30. Nf4 Kh7 31. Nh5 Rc7 32. Nf6+ Bxf6 33. exf6
Rc8 34. e5 Rg8 35. Qd3+ Kh8 36. hxg5 Rxg5 37. Qd8+ Rg8 38. Qe7 Qxe7 39. fxe7
Kg7 40. c4 Re8 41. c5 Rxe7 42. Bc2 Rd7 43. Rd1 Rc7 44. b4 a5 45. Rd6 axb4 46.
axb4 f6 47. Rxe6 1-0

[Event "Nacional de Máxima"]
[Site "Barquisimeto"]
[Date "2011.10.22"]
[Round "1"]
[White "Brizuela, Reivis"]
[Black "Piñero, Carlos"]
[Result "0-1"]
[WhiteElo "2125"]
[BlackElo "2091"]
[Annotator "OT y DG"]
[PlyCount "84"]
[EventDate "2011.??.??"]
[EventCountry "VEN"]

1. d4 Nf6 2. Nf3 e6 3. c4 Bb4+ 4. Bd2 Qe7 5. a3 Bxd2+ 6. Nbxd2 d6 7. e4 e5 8.
d5 O-O 9. Be2 Nh5 10. g3 f5 11. exf5 Bxf5 12. Nh4 Qf7 13. Nxf5 Qxf5 14. O-O Nf6
15. b4 Nbd7 16. Nb3 Rae8 17. Rc1 h5 18. f3 h4 19. Bd3 e4 20. fxe4 Qg5 21. Qd2
Qxd2 22. Nxd2 hxg3 23. hxg3 Ne5 24. Bb1 Nh5 25. Rc3 Rxf1+ 26. Kxf1 Rf8+ 27. Kg2
Nf6 28. Re3 Nfg4 29. Re2 b6 30. Ba2 Nd3 31. Nb3 Kh7 32. Bb1 Nde5 33. Nd4 Kh8
34. Ne6 Rf6 35. Ba2 c5 36. Nf4 Kh7 37. Nh3 Kg6 38. Bb3 Rf3 39. Ba4 Ne3+ 40. Kh1
N5g4 41. Be8+ Kf6 42. Nf4 Rf1# 0-1

[Event "Nacional de Máxima"]
[Site "Barquisimeto"]
[Date "2011.10.22"]
[Round "1"]
[White "Castro, José"]
[Black "Boada, Wiston"]
[Result "1-0"]
[WhiteElo "2129"]
[BlackElo "2235"]
[Annotator "OT y DG"]
[PlyCount "65"]
[EventDate "2011.??.??"]
[EventCountry "VEN"]

1. e4 g6 2. d4 Bg7 3. Nc3 d6 4. Be3 a6 5. Qd2 b5 6. f3 Bb7 7. h4 h5 8. Nh3 Nd7
9. Ng5 Ngf6 10. Ne2 c5 11. dxc5 dxc5 12. Nf4 Qc7 13. c4 O-O 14. Be2 bxc4 15.
O-O Ne5 16. Rfc1 Rad8 17. Qc2 Rd7 18. Bxc4 Nfg4 19. fxg4 Nxg4 20. Qb3 e6 21.
Ngxe6 fxe6 22. Bxe6+ Kh7 23. Bxg4 hxg4 24. Ne6 Qe5 25. Rxc5 Qg3 26. Nxf8+ Bxf8
27. h5 Bxe4 28. hxg6+ Bxg6 29. Rg5 Bh6 30. Qe6 Rg7 31. Rh5 Bxh5 32. Qxh6+ Kg8
33. Bd4 1-0

[Event "Nacional de Máxima"]
[Site "Barquisimeto"]
[Date "2011.10.22"]
[Round "1"]
[White "Prasca, Rafael"]
[Black "Zavarce, Oscar"]
[Result "1-0"]
[WhiteElo "2429"]
[BlackElo "2214"]
[Annotator "OT y DG"]
[PlyCount "95"]
[EventDate "2011.??.??"]
[EventCountry "VEN"]

1. e4 c5 2. Nf3 Nc6 3. d4 cxd4 4. Nxd4 g6 5. Nc3 Bg7 6. Nde2 Nf6 7. g3 d6 8.
Bg2 O-O 9. O-O Bd7 10. h3 Rc8 11. Kh2 Na5 12. Rb1 Qc7 13. b3 b5 14. a3 a6 15.
Bb2 Bc6 16. Nd4 Bb7 17. Nd5 Qd8 18. Qd2 e5 19. Nxf6+ Bxf6 20. Ne2 Nc6 21. Rbd1
Be7 22. f4 Qa5 23. Nc3 Kg7 24. b4 Qd8 25. Nd5 f6 26. Rf2 Rf7 27. h4 Nb8 28. Bh3
Bxd5 29. Bxc8 Bxe4 30. Be6 Rf8 31. fxe5 dxe5 32. Qxd8 Bxd8 33. Bxe5 fxe5 34.
Rxf8 Kxf8 35. Rxd8+ Ke7 36. Rxb8 Kxe6 37. Kg1 Kd5 38. Kf2 Bxc2 39. Ke3 Kc4 40.
Rc8+ Kb3 41. Rc6 Kb2 42. Rxa6 Ba4 43. Rxa4 bxa4 44. b5 Kxa3 45. b6 Ka2 46. b7
a3 47. b8=Q Ka1 48. Kd2 1-0

[Event "Nacional de Máxima"]
[Site "Barquisimeto"]
[Date "2011.10.22"]
[Round "2"]
[White "Gutiérrez, Leonela"]
[Black "Durán, Luisa"]
[Result "1/2-1/2"]
[WhiteElo "2045"]
[BlackElo "2025"]
[Annotator "OT y DG"]
[PlyCount "126"]
[EventDate "2011.??.??"]
[EventCountry "VEN"]

1. e4 c5 2. Nf3 d6 3. d4 cxd4 4. Nxd4 Nf6 5. Nc3 g6 6. Be3 Bg7 7. h3 O-O 8. Bc4
Nc6 9. O-O Bd7 10. Qd2 Rc8 11. Bb3 Na5 12. Rad1 Nc4 13. Bxc4 Rxc4 14. Rfe1 a6
15. Qd3 Rc8 16. Bg5 h6 17. Be3 Qa5 18. Nf3 Be6 19. Bd4 Kh7 20. Qe3 Rfe8 21. a3
Nd7 22. Bxg7 Kxg7 23. Nd4 Ne5 24. Nce2 Bd7 25. b4 Qc7 26. f4 Nc4 27. Qg3 Kh7
28. Rf1 Rg8 29. Rd3 Rg7 30. Qh4 f6 31. Nc3 Rcg8 32. Nd5 Qd8 33. Qf2 g5 34. Rc3
Nb6 35. f5 g4 36. Nf4 Na4 37. Nde6 Bxe6 38. Nxe6 Nxc3 39. Nxd8 gxh3 40. g3 Nxe4
41. Qf4 Nxg3 42. Kh2 Nxf1+ 43. Qxf1 Rxd8 44. Kxh3 Rdg8 45. Qe1 Rg3+ 46. Kh2
R8g7 47. Qe4 R3g4 48. Qe1 R4g5 49. Qd1 Rg2+ 50. Kh3 Rg1 51. Qd5 h5 52. Qxb7
R1g3+ 53. Kh2 Rxa3 54. c4 Ra2+ 55. Kh3 Ra1 56. b5 axb5 57. cxb5 Rd1 58. Qf3 Rb1
59. Qxh5+ Kg8 60. Qe8+ Kh7 61. Qh5+ Kg8 62. Qe8+ Kh7 63. Qh5+ Kg8 1/2-1/2

[Event "Nacional de Máxima"]
[Site "Barquisimeto"]
[Date "2011.10.22"]
[Round "2"]
[White "Aponte, Oriana"]
[Black "Hernández, Zaida"]
[Result "0-1"]
[WhiteElo "1885"]
[BlackElo "2008"]
[Annotator "OT y DG"]
[PlyCount "78"]
[EventDate "2011.??.??"]
[EventCountry "VEN"]

1. e4 c5 2. Nf3 Nc6 3. d4 cxd4 4. Nxd4 d6 5. Nc3 e6 6. Be3 Nf6 7. Be2 a6 8. O-O
Be7 9. f4 Qc7 10. Qe1 O-O 11. Qg3 Nxd4 12. Bxd4 b5 13. e5 dxe5 14. Bxe5 Qb6+
15. Kh1 Bb7 16. Bd3 Ne8 17. Ne2 f6 18. Bd4 Qc6 19. Qh3 f5 20. Be5 Bf6 21. Nd4
Qb6 22. Nxe6 Qxe6 23. Bxf5 Qc6 24. Qxh7+ Kf7 25. Qh5+ Ke7 26. Bxf6+ Nxf6 27.
Qe2+ Kf7 28. c3 Rae8 29. Qc2 Rd8 30. Bg6+ Kg8 31. Rae1 Rd6 32. Re5 Rfd8 33. Rg5
Rd2 34. Qb3+ Qc4 35. Qxc4+ bxc4 36. h4 Rxb2 37. Bf5 Rdd2 38. Bh3 Ne4 39. Rg6
Nf2+ 0-1

[Event "Nacional de Máxima"]
[Site "Barquisimeto"]
[Date "2011.10.22"]
[Round "2"]
[White "Sequeda, Nancy"]
[Black "Castellanos, Arianny"]
[Result "1-0"]
[WhiteElo "2067"]
[BlackElo "1802"]
[Annotator "OT y DG"]
[PlyCount "37"]
[EventDate "2011.??.??"]
[EventCountry "VEN"]

1. e4 e5 2. Nf3 Nc6 3. d4 exd4 4. Nxd4 Nf6 5. Nxc6 bxc6 6. e5 Qe7 7. Qe2 Nd5 8.
c4 Ba6 9. b3 O-O-O 10. Bb2 Qg5 11. a3 Re8 12. Nd2 f6 13. Nf3 Qh6 14. Qd2 Nf4
15. O-O-O d6 16. g3 Ne6 17. Qxh6 gxh6 18. exf6 h5 19. f7 1-0

[Event "Nacional de Máxima"]
[Site "?"]
[Date "2011.10.22"]
[Round "2"]
[White "Rovira, Tairú"]
[Black "Varela, Tilsia"]
[Result "1-0"]
[WhiteElo "1972"]
[BlackElo "1993"]
[Annotator "OT y DG"]
[PlyCount "61"]
[EventDate "2011.??.??"]

1. d4 d5 2. c4 c6 3. Nf3 Nf6 4. e3 Bf5 5. Nc3 e6 6. Bd3 Bxd3 7. Qxd3 Nbd7 8.
O-O Bd6 9. b3 O-O 10. Bb2 Qe7 11. Rfe1 Rad8 12. Rad1 Bb8 13. e4 dxe4 14. Nxe4
Nxe4 15. Qxe4 Qd6 16. Qh4 Qf4 17. Qh3 e5 18. Bc1 Qf6 19. Bg5 Qe6 20. Qxe6 fxe6
21. Bxd8 Rxd8 22. dxe5 Bc7 23. Ng5 Nc5 24. b4 h6 25. Rxd8+ Bxd8 26. Nf3 Na4 27.
Rd1 Be7 28. c5 Kf7 29. Rd7 Nc3 30. Rxb7 Nxa2 31. Nd4 1-0

[Event "Nacional de Máxima"]
[Site "?"]
[Date "2011.10.22"]
[Round "2"]
[White "Otazo, Annyd"]
[Black "Montilla, Jorcerys"]
[Result "0-1"]
[WhiteElo "1953"]
[BlackElo "2008"]
[Annotator "OT y DG"]
[PlyCount "124"]
[EventDate "2011.??.??"]

1. e4 c5 2. c3 Nf6 3. e5 Nd5 4. d4 cxd4 5. Nf3 Nc6 6. cxd4 d6 7. exd6 Qxd6 8.
Nc3 Bg4 9. Be2 e6 10. h3 Bh5 11. O-O Be7 12. Be3 O-O 13. Ne4 Qb4 14. Rb1 Bg6
15. a3 Qb6 16. Bd3 Nxe3 17. fxe3 e5 18. Nc3 exd4 19. Nd5 Qd8 20. Nxe7+ Qxe7 21.
Bxg6 Qxe3+ 22. Kh1 hxg6 23. Re1 Qf4 24. Qb3 Rab8 25. Rbd1 Rfd8 26. Rf1 Qe3 27.
Rd3 Qe6 28. Qd1 Qd5 29. Qd2 Rd7 30. Nxd4 Nxd4 31. Rf4 Rbd8 32. Rfxd4 Qxd4 33.
Rxd4 Rxd4 34. Qa5 a6 35. Qb6 R8d7 36. Kh2 Rd2 37. Qc5 Kh7 38. Qc8 Re7 39. b4 f5
40. Qc4 Re4 41. Qc7 b5 42. Kg3 Rd3+ 43. Kf2 Rxa3 44. Qd8 Ra2+ 45. Kg3 Rxb4 46.
h4 Rg4+ 47. Kf3 Rgxg2 48. Qf8 Rgf2+ 49. Ke3 Rae2+ 50. Kd4 Re4+ 51. Kd5 Rd2+ 52.
Kc6 Rxh4 53. Qe7 Rc4+ 54. Kb6 b4 55. Qe1 Rdd4 56. Qh1+ Rh4 57. Qb1 b3 58. Kxa6
b2 59. Kb5 Rb4+ 60. Ka5 Ra4+ 61. Kb5 Rhb4+ 62. Kc6 Ra1 0-1

[Event "Nacional de Máxima"]
[Site "?"]
[Date "2011.10.22"]
[Round "2"]
[White "Ubaldo, María"]
[Black "Osorio, Intiñusta"]
[Result "1-0"]
[WhiteElo "2072"]
[BlackElo "1861"]
[Annotator "OT y DG"]
[PlyCount "73"]
[EventDate "2011.??.??"]

1. d4 d5 2. c4 e6 3. Nc3 Nf6 4. cxd5 exd5 5. Bg5 Be7 6. e3 c6 7. Bd3 O-O 8.
Nge2 Re8 9. O-O Ne4 10. Bxe7 Qxe7 11. Qc2 Nf6 12. Ng3 g6 13. Rfe1 Qd6 14. e4
Qd8 15. e5 Nfd7 16. e6 Rxe6 17. Rxe6 fxe6 18. Bxg6 hxg6 19. Qxg6+ Kf8 20. Qh6+
Kf7 21. Qh7+ Kf8 22. Qh8+ Ke7 23. Nf5+ exf5 24. Re1+ Ne5 25. Qg7+ Kd6 26. Qxe5+
Kd7 27. Qg7+ Kd6 28. Qg3+ Kd7 29. h4 Qf8 30. h5 f4 31. Qg6 Kc7 32. Re8 Qf5 33.
Qg7+ Nd7 34. h6 Qf6 35. Re7 Qxg7 36. hxg7 Kd6 37. Rf7 1-0

[Event "Nacional de Máxima"]
[Site "?"]
[Date "2011.10.22"]
[Round "2"]
[White "Díaz, José"]
[Black "Zavarce, Oscar"]
[Result "1-0"]
[WhiteElo "2109"]
[BlackElo "2214"]
[Annotator "OT y DG"]
[PlyCount "147"]
[EventDate "2011.??.??"]

1. d4 Nf6 2. Nf3 e6 3. e3 b6 4. Bd3 Bb7 5. O-O Be7 6. Nbd2 c5 7. c3 cxd4 8.
exd4 O-O 9. Re1 d6 10. Nf1 Nbd7 11. Ng3 Re8 12. Bc2 Bf8 13. Bg5 h6 14. Bxf6
Nxf6 15. Qd3 g6 16. h4 Nd5 17. Ne2 e5 18. dxe5 dxe5 19. Ng3 Qc7 20. Rad1 Rad8
21. Qb5 a6 22. Qb3 Nf4 23. Be4 Rxd1 24. Qxd1 Bg7 25. Bxb7 Qxb7 26. Ne4 Qc8 27.
Ng3 Rd8 28. Qb3 Nd3 29. Re3 Nc5 30. Qxb6 Nd3 31. h5 Kh7 32. hxg6+ fxg6 33. Re4
Rf8 34. Re3 Rd8 35. a4 Qa8 36. Nh4 Nf4 37. Qb3 Qc6 38. Qc2 Qf6 39. Nf3 Qc6 40.
Kh2 Rf8 41. Qe4 Qb6 42. b4 Re8 43. Qc4 Qb7 44. Ne4 Qd7 45. Qxa6 Qg4 46. Ne1 Nd5
47. Re2 Nf4 48. Rd2 Qh4+ 49. Kg1 Nxg2 50. Nxg2 Qxe4 51. Qa7 Ra8 52. Qe7 Qb1+
53. Kh2 Qf5 54. Rd7 Rg8 55. Qf7 Qc2 56. b5 Qxc3 57. Ne3 e4 58. Ng4 Kh8 59. b6
h5 60. b7 hxg4 61. Qxg8+ Kxg8 62. b8=Q+ Kh7 63. Qc7 g3+ 64. fxg3 Qb2+ 65. Kh3
e3 66. Rxg7+ Qxg7 67. Qxg7+ Kxg7 68. Kg2 Kf6 69. Kf3 Ke5 70. Kxe3 Kd5 71. Kf4
Kc5 72. Kg5 Kb4 73. Kxg6 Kxa4 74. Kf6 1-0

[Event "Nacional de Máxima"]
[Site "?"]
[Date "2011.10.22"]
[Round "2"]
[White "Boada, Wiston"]
[Black "Prasca, Rafael"]
[Result "1/2-1/2"]
[WhiteElo "2235"]
[BlackElo "2429"]
[Annotator "OT y DG"]
[PlyCount "86"]
[EventDate "2011.??.??"]

1. Nf3 d5 2. g3 c6 3. Bg2 Nf6 4. b3 h6 5. Bb2 Bf5 6. d3 e6 7. O-O Be7 8. Nbd2
O-O 9. e3 a5 10. a4 Re8 11. Qe2 Bh7 12. e4 Nfd7 13. Ne1 Na6 14. f4 Bf6 15. e5
Be7 16. Bh3 Qb6+ 17. Kh1 c5 18. g4 Nb4 19. Rc1 d4 20. Nc4 Qc7 21. Nf3 Nd5 22.
Nfd2 N7b6 23. Bg2 Nxc4 24. Nxc4 Nb6 25. Nd2 Nd5 26. Nc4 Nb6 27. Nd2 f6 28. exf6
Bxf6 29. Ne4 Bxe4 30. Bxe4 Nd5 31. g5 hxg5 32. fxg5 Bxg5 33. Qh5 Bh6 34. Rg1
Bxc1 35. Qh7+ Kf8 36. Bxc1 Qf7 37. Rxg7 Qxg7 38. Bh6 Qxh6 39. Qxh6+ Ke7 40.
Bxd5 exd5 41. Qb6 Rec8 42. Qxb7+ Kd6 43. Qg7 Re8 1/2-1/2

[Event "Nacional de Máxima"]
[Site "?"]
[Date "2011.10.22"]
[Round "2"]
[White "Ynojosa, Félix"]
[Black "Castro, José"]
[Result "1/2-1/2"]
[WhiteElo "2294"]
[BlackElo "2129"]
[Annotator "OT y DG"]
[PlyCount "139"]
[EventDate "2011.??.??"]

1. e4 c5 2. c3 Nf6 3. e5 Nd5 4. d4 cxd4 5. cxd4 d6 6. f4 Nc6 7. Nc3 e6 8. Nf3
Be7 9. Be2 O-O 10. Nxd5 exd5 11. O-O Bf5 12. Be3 Rc8 13. Bd3 Bxd3 14. Qxd3 Nb4
15. Qb3 Nc2 16. Rac1 Nxe3 17. Qxe3 dxe5 18. dxe5 Qa5 19. Qb3 Rc4 20. Rxc4 dxc4
21. Qxb7 Bc5+ 22. Kh1 Qxa2 23. Qd5 Be7 24. Qd7 Bd8 25. e6 c3 26. bxc3 Qxe6 27.
Qxe6 fxe6 28. g3 Bf6 29. Ra1 Rf7 30. Ra6 Rc7 31. c4 Kf8 32. Kg2 h6 33. Kh3 Kf7
34. Kg4 Rxc4 35. Rxa7+ Kg6 36. Ra5 Re4 37. h4 Re3 38. h5+ Kf7 39. Ra7+ Kf8 40.
Nd2 Kg8 41. Ra4 Bc3 42. Nc4 Re1 43. Nd6 Bf6 44. Ra8+ Kh7 45. Re8 g6 46. hxg6+
Kxg6 47. Rxe6 h5+ 48. Kf3 Rxe6 49. f5+ Kg5 50. fxe6 Be7 51. Ne8 Kf5 52. Ng7+
Kg6 53. Ne8 Kf5 54. Nc7 Ke5 55. Ne8 h4 56. g4 Kxe6 57. Ng7+ Ke5 58. Nf5 Bg5 59.
Kg2 Kf6 60. Kh3 Kg6 61. Nxh4+ Bxh4 62. Kxh4 Kh6 63. g5+ Kg6 64. Kg4 Kg7 65. Kf5
Kf7 66. g6+ Kg7 67. Kg5 Kg8 68. Kf6 Kf8 69. g7+ Kg8 70. Kg6 1/2-1/2

[Event "Nacional de Máxima"]
[Site "?"]
[Date "2011.10.22"]
[Round "2"]
[White "Martínez, Pedro"]
[Black "Brizuela, Reivis"]
[Result "1/2-1/2"]
[WhiteElo "2236"]
[BlackElo "2125"]
[Annotator "OT y DG"]
[PlyCount "98"]
[EventDate "2011.??.??"]

1. e4 e6 2. d4 d5 3. Nd2 Nf6 4. e5 Nfd7 5. Bd3 c5 6. c3 Nc6 7. Ne2 cxd4 8. cxd4
f6 9. f4 fxe5 10. fxe5 Nxd4 11. Nxd4 Qh4+ 12. g3 Qxd4 13. Nf3 Qb6 14. Qc2 Bc5
15. Bxh7 Be3 16. Ke2 Bxc1 17. Qg6+ Kd8 18. Raxc1 Qxb2+ 19. Rc2 Qb5+ 20. Kf2 Qb4
21. Qxg7 Qf8 22. Qxf8+ Rxf8 23. Ke3 b6 24. g4 Bb7 25. Nd4 Rh8 26. Nxe6+ Ke7 27.
Bf5 d4+ 28. Nxd4 Bxh1 29. Rc7 Rad8 30. e6 Rxh2 31. Rxa7 Bd5 32. exd7 Rh3+ 33.
Kf4 Rc3 34. Ra4 Ra8 35. Rxa8 Bxa8 36. Be6 Rd3 37. d8=Q+ Kxd8 38. Ke5 Re3+ 39.
Kf6 Re4 40. Nb5 Rf4+ 41. Ke5 Re4+ 42. Kf5 Ke7 43. Nc7 Re2 44. Nd5+ Bxd5 45.
Bxd5 Kd6 46. Bb3 Rf2+ 47. Ke4 Re2+ 48. Kf4 Ke7 49. g5 Kf8 1/2-1/2

[Event "Nacional de Máxima"]
[Site "?"]
[Date "2011.10.22"]
[Round "2"]
[White "Gascón, José"]
[Black "Soto, Oliver"]
[Result "1/2-1/2"]
[WhiteElo "2163"]
[BlackElo "2357"]
[Annotator "OT y DG"]
[PlyCount "44"]
[EventDate "2011.??.??"]

1. e4 c5 2. Nf3 e6 3. Nc3 a6 4. g3 b5 5. Bg2 Bb7 6. d3 Nc6 7. O-O d6 8. Re1 Be7
9. d4 cxd4 10. Nxd4 Rc8 11. Nxc6 Bxc6 12. a3 Nf6 13. Bf4 O-O 14. Qe2 Qb6 15.
Rad1 Rfd8 16. Nd5 exd5 17. exd5 Nxd5 18. Bxd5 Bf6 19. Bxf7+ Kxf7 20. Qe6+ Kg6
21. Qg4+ Kf7 22. Qe6+ Kg6 1/2-1/2